| 000 | 00774nam a2200229 a 4500 | ||
|---|---|---|---|
| 001 | 13024 | ||
| 003 | BD-JhCC | ||
| 005 | 20230614091627.0 | ||
| 008 | 230614s20222021bg | |||| 000 0 ben d | ||
| 020 | _a9789849557357 | ||
| 035 | _a(BD-JhCC)13024 | ||
| 040 |
_aBD-JhCC _cBD-JhCC _dBD-JhCC |
||
| 041 | _aben | ||
| 082 |
_a891.4435 _bIQB 2022 _223 |
||
| 100 | _aইকবাল, মুহম্মদ জাফর | ||
| 245 |
_aআমার ডেঞ্জারাস মামী / _cমুহম্মদ জাফর ইকবাল |
||
| 260 |
_aঢাকা : _bজ্ঞানকোষ প্রকাশনী _c২০২২. |
||
| 300 |
_a১৫১ পৃ. : _c২২ সেমি |
||
| 650 | _aShort Story Bengali | ||
| 942 |
_2ddc _cBK _08 |
||
| 999 |
_c13024 _d13024 |
||